[Event "DEM U10/U10w 2014"]
[Site "Magdeburg GER"]
[Date "2014.06.08"]
[Round "2"]
[White "Bethke, Richard"]
[Black "Nguyen, Alex Dac-Vuong"]
[Result "1-0"]
[Termination "normal"]
[Board "25"]
[WhiteElo "1627"]
[BlackElo "1812"]
[PlyCount "41"]
[WhiteFideId "12959243"]
[BlackFideId "12984388"]
[EventCountry "GER"]
[EventRounds "11"]
[EventType "swiss"]
[EventDate "2014.06.07"]

1. e4 e6 2. d4 d5 3. exd5 exd5 4. c4 Nf6 5. Nc3 Bb4 6. Be3 dxc4 7. Bxc4 O-O 8.
Nge2 Nc6 9. O-O Ne7 10. Bg5 Nd7 11. a3 Bxc3 12. Nxc3 Nb6 13. Re1 Re8 14. Qe2
Nxc4 15. Bxe7 Qd7 16. Qxc4 Rxe7 17. Nd5 Rxe1+ 18. Rxe1 c6 19. Nc7 g6 20. Nxa8
Qd8 21. Qc5 1-0

[Event "DEM U10/U10w 2014"]
[Site "Magdeburg GER"]
[Date "2014.06.08"]
[Round "2"]
[White "Gelfenbaum, Daniel"]
[Black "Ewerhardy, Moritz"]
[Result "1-0"]
[Termination "normal"]
[Board "26"]
[WhiteElo "1719"]
[BlackElo "1190"]
[PlyCount "67"]
[WhiteFideId "12965634"]
[BlackFideId "36052086"]
[EventCountry "GER"]
[EventRounds "11"]
[EventType "swiss"]
[EventDate "2014.06.07"]

1. e4 c5 2. Nf3 d6 3. d4 cxd4 4. Nxd4 Nf6 5. Nc3 g6 6. Bc4 Bg7 7. O-O O-O 8. h3
Nc6 9. Be3 Bd7 10. Qd2 Rc8 11. Bb3 Na5 12. f4 Nxb3 13. axb3 a6 14. Rad1 Qe8 15.
e5 dxe5 16. fxe5 Nh5 17. g4 Ng3 18. Rf3 Bxe5 19. Bf4 Bxf4 20. Qxf4 e5 21. Qxg3
exd4 22. Nd5 Qd8 23. Nf6+ Kg7 24. Qe5 Kh8 25. Nxd7+ f6 26. Nxf6 Rxf6 27. Qxf6+
Qxf6 28. Rxf6 Rxc2 29. Rxd4 Rxb2 30. Rf7 Rb1+ 31. Kf2 Rb2+ 32. Ke1 Kg8 33. Rxb7
Rxb3 34. Rd8# 1-0

[Event "DEM U10/U10w 2014"]
[Site "Magdeburg GER"]
[Date "2014.06.08"]
[Round "2"]
[White "Brunner, Sophia"]
[Black "Mirschel, Thaddeus"]
[Result "1-0"]
[Termination "normal"]
[Board "27"]
[WhiteElo "1339"]
[BlackElo "1094"]
[PlyCount "37"]
[WhiteFideId "12960683"]
[BlackFideId "16277570"]
[EventCountry "GER"]
[EventRounds "11"]
[EventType "swiss"]
[EventDate "2014.06.07"]

1. e4 e5 2. Nf3 Nc6 3. d4 d6 4. d5 Nce7 5. Nc3 Nf6 6. Bd3 g6 7. Bd2 Bg7 8. Qc1
Ng4 9. h3 Nf6 10. O-O Bd7 11. Bh6 Bxh6 12. Qxh6 Neg8 13. Qe3 Qe7 14. b4 O-O-O
15. Qxa7 c6 16. Ba6 Be8 17. Na4 cxd5 18. Nb6+ Kc7 19. Qxb7# 1-0

[Event "DEM U10/U10w 2014"]
[Site "Magdeburg GER"]
[Date "2014.06.08"]
[Round "2"]
[White "Deleré, Adrian"]
[Black "Fischer, Laura"]
[Result "1-0"]
[Termination "normal"]
[Board "28"]
[WhiteElo "1447"]
[BlackElo "1091"]
[PlyCount "65"]
[WhiteFideId "12990400"]
[BlackFideId "16208935"]
[EventCountry "GER"]
[EventRounds "11"]
[EventType "swiss"]
[EventDate "2014.06.07"]

1. e4 e5 2. Nf3 Nc6 3. Nc3 Bc5 4. Nxe5 Nxe5 5. d4 Bb4 6. dxe5 Bxc3+ 7. bxc3 f6
8. exf6 Nxf6 9. e5 Qe7 10. Qe2 Nd5 11. c4 Nb4 12. Ba3 O-O 13. O-O-O Nxa2+ 14.
Kb2 Nc3 15. Kxc3 Qxa3+ 16. Kd2 d6 17. e6 Qc5 18. e7 Rxf2 19. e8=Q+ Rf8 20. Qb5
Bf5 21. Qxc5 dxc5 22. Kc1 Rae8 23. Qd2 Re7 24. Qd5+ Kh8 25. Qxc5 Ref7 26. Qxa7
b5 27. cxb5 c5 28. Qxc5 Bg4 29. Re1 Rf5 30. Qc4 Bh5 31. g4 Bxg4 32. Qxg4 Rxb5
33. Bxb5 1-0

[Event "DEM U10/U10w 2014"]
[Site "Magdeburg GER"]
[Date "2014.06.08"]
[Round "2"]
[White "Marzisch, Darius"]
[Black "Lohr, Maximilian"]
[Result "0-1"]
[Termination "normal"]
[Board "29"]
[WhiteElo "1067"]
[BlackElo "1420"]
[PlyCount "126"]
[WhiteFideId "12997480"]
[BlackFideId "12999717"]
[EventCountry "GER"]
[EventRounds "11"]
[EventType "swiss"]
[EventDate "2014.06.07"]

1. e4 d5 2. exd5 Qxd5 3. Nc3 Qa5 4. d4 c6 5. Bd2 Qc7 6. Bc4 Nf6 7. Nf3 Bf5 8.
Bg5 Nbd7 9. Qe2 e6 10. a3 Bd6 11. h3 h6 12. Bxf6 Nxf6 13. O-O-O Qe7 14. Bb3 a5
15. Kb1 a4 16. Nxa4 Bxa3 17. Nb6 Ra6 18. Nc4 Bd6 19. Nh4 O-O 20. Nxf5 exf5 21.
Qxe7 Bxe7 22. Rhe1 Rfa8 23. Kc1 Ne4 24. c3 Bg5+ 25. Kc2 Nxf2 26. Rb1 Ne4 27.
Rf1 g6 28. Rbd1 Kg7 29. Ne5 f6 30. Nf3 Re8 31. Bc4 b5 32. Bd3 Ra7 33. Rfe1 Rae7
34. Nxg5 hxg5 35. b3 Ra7 36. Kb2 Rea8 37. Ra1 Rxa1 38. Rxa1 Rxa1 39. Kxa1 Nxc3
40. Kb2 Nd1+ 41. Kc1 Ne3 42. g3 f4 43. gxf4 gxf4 44. Kd2 b4 45. Be4 Nd5 46. Ke1
f5 47. Bxd5 cxd5 48. Kf2 g5 49. Kf3 Kh6 50. h4 Kh5 51. hxg5 Kxg5 52. Kf2 Kg4
53. Kg2 f3+ 54. Kf2 Kf4 55. Ke1 Ke3 56. Kf1 f2 57. Kg2 Ke2 58. Kg3 f1=Q 59. Kh2
Qf3 60. Kg1 Ke1 61. Kh2 Qg4 62. Kh1 Kf2 63. Kh2 Qh4# 0-1

[Event "DEM U10/U10w 2014"]
[Site "Magdeburg GER"]
[Date "2014.06.08"]
[Round "2"]
[White "Paulsen, Niels-Martin"]
[Black "Taras, Simon"]
[Result "0-1"]
[Termination "normal"]
[Board "30"]
[WhiteElo "1043"]
[BlackElo "1319"]
[PlyCount "160"]
[WhiteFideId "16214994"]
[BlackFideId "12970972"]
[EventCountry "GER"]
[EventRounds "11"]
[EventType "swiss"]
[EventDate "2014.06.07"]

1. d4 e6 2. Nf3 Nf6 3. e3 d5 4. Bd3 b6 5. Nbd2 Bd6 6. O-O Ba6 7. Bxa6 Nxa6 8.
b3 c5 9. Bb2 Qc7 10. Qe2 Nb4 11. c3 Nc6 12. Qd3 Ng4 13. g3 Ne7 14. Kg2 O-O 15.
Rae1 Ng6 16. e4 Rfe8 17. e5 Be7 18. h3 Nh6 19. Bc1 cxd4 20. cxd4 Bb4 21. h4 Nf5
22. h5 Nf8 23. a3 Qc3 24. Qxc3 Bxc3 25. g4 Nxd4 26. Nxd4 Bxd4 27. Nf3 Bc5 28.
b4 Be7 29. h6 g6 30. g5 Nd7 31. Bf4 Rac8 32. Rc1 a5 33. bxa5 Bxa3 34. Ra1 Bc5
35. Rfe1 bxa5 36. Rxa5 Bb4 37. Bd2 Bxa5 38. Bxa5 Rc2 39. Nd2 Ra8 40. Nb3 Rb2
41. Re3 Rxb3 42. Rxb3 Rxa5 43. Kg3 Kf8 44. f4 d4 45. Rd3 Nc5 46. Rxd4 Ra3+ 47.
Kg4 Ke7 48. Rc4 Nd7 49. Rc7 Kd8 50. Rc4 Ra7 51. Rd4 Rc7 52. Kg3 Kc8 53. Ra4 Nb6
54. Rb4 Kb7 55. Rb3 Rc4 56. Kf3 Ka7 57. Ra3+ Na4 58. Re3 Rc3 59. Rxc3 Nxc3 60.
Ke3 Nd5+ 61. Ke4 Kb6 62. Kf3 Kc5 63. Ke4 Kc4 64. Kf3 Kd3 65. Kg4 Ke4 66. Kg3
Nxf4 67. Kf2 Kxe5 68. Ke3 Nd5+ 69. Kf3 Kd4 70. Kf2 e5 71. Ke2 Nc3+ 72. Kd2 e4
73. Ke1 e3 74. Kf1 e2+ 75. Ke1 Kd3 76. Kf2 Kd2 77. Kf3 e1=Q 78. Kf4 Qe3+ 79.
Kg4 Ne4 80. Kh4 Qg3# 0-1

[Event "DEM U10/U10w 2014"]
[Site "Magdeburg GER"]
[Date "2014.06.08"]
[Round "2"]
[White "Pahl, Theis"]
[Black "Limbach, Anna-Lena"]
[Result "1/2-1/2"]
[Termination "normal"]
[Board "31"]
[WhiteElo "1311"]
[BlackElo "1091"]
[PlyCount "41"]
[WhiteFideId "16201264"]
[BlackFideId "12980412"]
[EventCountry "GER"]
[EventRounds "11"]
[EventType "swiss"]
[EventDate "2014.06.07"]

1. e4 e6 2. d4 d5 3. Nc3 c5 4. Nf3 cxd4 5. Nxd4 Nf6 6. f3 Bc5 7. Be3 dxe4 8.
fxe4 e5 9. Nf5 Qxd1+ 10. Rxd1 Bxe3 11. Nxe3 O-O 12. Be2 Nc6 13. O-O Be6 14. h3
Nd4 15. Bd3 Rad8 16. Na4 b6 17. c4 Nc6 18. Nd5 Bxd5 19. cxd5 Nb4 20. Bb1 Rd7
21. a3 1/2-1/2

[Event "DEM U10/U10w 2014"]
[Site "Magdeburg GER"]
[Date "2014.06.08"]
[Round "2"]
[White "Ackermann, Richard"]
[Black "Morgenstern, Tobias"]
[Result "1-0"]
[Termination "normal"]
[Board "32"]
[WhiteElo "1239"]
[BlackElo "1073"]
[PlyCount "113"]
[WhiteFideId "12987026"]
[BlackFideId "12974390"]
[EventCountry "GER"]
[EventRounds "11"]
[EventType "swiss"]
[EventDate "2014.06.07"]

1. e4 e5 2. Nf3 Nc6 3. Nc3 Nf6 4. Bb5 a6 5. Bxc6 dxc6 6. Nxe5 Qe7 7. d4 c5 8.
O-O cxd4 9. Qxd4 c5 10. Qa4+ Bd7 11. Nxd7 Qxd7 12. Qxd7+ Nxd7 13. Nd5 Bd6 14.
Re1 O-O 15. Be3 Rfe8 16. Bd2 Re5 17. f4 Ree8 18. e5 Bb8 19. Ba5 Ra7 20. Rad1 b5
21. Nb6 Bc7 22. Rxd7 Bxb6 23. Rxa7 Bxa7 24. Rd1 h6 25. Rd7 Bb8 26. Bc7 c4 27.
Bxb8 Rxb8 28. Ra7 Rb6 29. b3 g5 30. fxg5 hxg5 31. Rd7 Re6 32. Rd6 Rxd6 33. exd6
Kf8 34. Kf2 Ke8 35. Kg3 Kd7 36. Kg4 Kxd6 37. Kxg5 Ke5 38. h4 f6+ 39. Kg6 Kd4
40. h5 Kc3 41. h6 Kxc2 42. h7 c3 43. h8=Q Kb1 44. Qxf6 c2 45. Qf1+ c1=Q 46.
Qxc1+ Kxc1 47. Kf5 Kb2 48. g4 Kxa2 49. g5 Kxb3 50. g6 Ka4 51. g7 b4 52. g8=Q a5
53. Ke4 Ka3 54. Kd3 b3 55. Kc3 a4 56. Qf8+ Ka2 57. Qb4 1-0

[Event "DEM U10/U10w 2014"]
[Site "Magdeburg GER"]
[Date "2014.06.08"]
[Round "2"]
[White "Wiemann, Vanessa"]
[Black "Khamenya, Vitalia"]
[Result "0-1"]
[Termination "normal"]
[Board "33"]
[WhiteElo "1034"]
[BlackElo "1230"]
[PlyCount "88"]
[WhiteFideId "12942987"]
[BlackFideId "12959260"]
[EventCountry "GER"]
[EventRounds "11"]
[EventType "swiss"]
[EventDate "2014.06.07"]

1. e4 e5 2. Nf3 Nc6 3. Bc4 Nf6 4. Ng5 d5 5. exd5 Na5 6. Bb5+ c6 7. dxc6 bxc6 8.
Bd3 Be7 9. O-O Ng4 10. Nf3 f5 11. Be2 Qd6 12. h3 e4 13. hxg4 exf3 14. Bxf3 O-O
15. Nc3 Qg6 16. gxf5 Bxf5 17. Bh5 Qh6 18. d3 Bg5 19. b4 Bxc1 20. Rxc1 Nb7 21.
b5 Na5 22. bxc6 Nxc6 23. Bf3 Rac8 24. Bd5+ Kh8 25. Nb5 a6 26. Bxc6 Rxc6 27. Nd4
Rg6 28. Qf3 Rgf6 29. Rb1 Be6 30. Qb7 Rg6 31. Qb8 Rxb8 32. Nxe6 Rxb1 33. Rxb1
Kg8 34. Rb8+ Kf7 35. Nd8+ Ke7 36. c4 Qc1+ 37. Kh2 Rh6+ 38. Kg3 Qg5+ 39. Kf3
Rf6+ 40. Ke2 Qe5+ 41. Kf1 Qxb8 42. Nc6+ Rxc6 43. a4 Re6 44. a5 Qb1# 0-1

[Event "DEM U10/U10w 2014"]
[Site "Magdeburg GER"]
[Date "2014.06.08"]
[Round "2"]
[White "Hommer, Jeremy"]
[Black "Oyunbat, Oyunchimeg"]
[Result "1-0"]
[Termination "normal"]
[Board "34"]
[WhiteElo "1229"]
[BlackElo "1043"]
[PlyCount "109"]
[WhiteFideId "12992577"]
[EventCountry "GER"]
[EventRounds "11"]
[EventType "swiss"]
[EventDate "2014.06.07"]

1. e4 e5 2. d4 exd4 3. Nf3 Bc5 4. Nxd4 Bxd4 5. Qxd4 Nc6 6. Qxg7 Qf6 7. Qxf6
Nxf6 8. Nc3 d6 9. Bb5 Bd7 10. Bh6 Rg8 11. O-O O-O-O 12. g3 a6 13. Bc4 Ne5 14.
Bb3 Rg6 15. Bf4 Rg7 16. Bxe5 dxe5 17. Rad1 Bc6 18. Rxd8+ Kxd8 19. Rd1+ Kc8 20.
f3 h5 21. Nd5 Nd7 22. Ne7+ Kd8 23. Nxc6+ bxc6 24. Bc4 Ke7 25. Bxa6 Rg8 26. Bb7
Nc5 27. Bxc6 Rb8 28. b3 Rb6 29. Bd5 c6 30. Bc4 Na6 31. a3 Nc7 32. Kf1 Nb5 33.
Bxb5 cxb5 34. Ke2 b4 35. axb4 Rxb4 36. Rb1 Kd6 37. c4 Kc5 38. Kd3 Rb8 39. Kc3
Rd8 40. b4+ Kd6 41. Rd1+ Kc7 42. Rxd8 Kxd8 43. c5 Kc7 44. b5 f6 45. f4 exf4 46.
gxf4 h4 47. Kd4 Kd7 48. Kd5 Ke7 49. b6 Kf7 50. b7 Kg6 51. b8=Q Kh5 52. Qg8 h3
53. Qg7 Kh4 54. Qg6 f5 55. Qg5# 1-0

[Event "DEM U10/U10w 2014"]
[Site "Magdeburg GER"]
[Date "2014.06.08"]
[Round "2"]
[White "Delgado, Celina"]
[Black "Schmidtmann, Samantha"]
[Result "0-1"]
[Termination "normal"]
[Board "35"]
[WhiteElo "1023"]
[BlackElo "1403"]
[PlyCount "86"]
[WhiteFideId "12993735"]
[BlackFideId "12956759"]
[EventCountry "GER"]
[EventRounds "11"]
[EventType "swiss"]
[EventDate "2014.06.07"]

1. e4 c5 2. Nf3 d6 3. d4 cxd4 4. Nxd4 Nf6 5. Nc3 a6 6. Be3 e5 7. Nb3 Be6 8. f3
Be7 9. Be2 Nc6 10. Qd2 O-O 11. O-O-O b5 12. Kb1 b4 13. Nd5 a5 14. a4 bxa3 15.
bxa3 a4 16. Nc1 Bxd5 17. exd5 Na5 18. g4 Rb8+ 19. Ka2 Qc7 20. g5 Nd7 21. Nd3
Qc4+ 22. Ka1 Rb3 23. Qxa5 Qxc2 24. Qxa4 Rb1+ 25. Rxb1 Qxa4 26. Ka2 Qc2+ 27. Rb2
Qc4+ 28. Ka1 Ra8 29. Nc5 Qc3 30. Nb3 Rxa3+ 31. Kb1 Rxb3 32. Rxb3 Qxb3+ 33. Ka1
Qxe3 34. Bb5 Qc3+ 35. Ka2 Qa5+ 36. Kb2 Qxb5+ 37. Kc2 Qxd5 38. Ra1 Qc4+ 39. Kb2
d5 40. Ra8+ Nf8 41. Kb1 Bxg5 42. Kb2 Bc1+ 43. Ka1 Qc3+ 0-1

[Event "DEM U10/U10w 2014"]
[Site "Magdeburg GER"]
[Date "2014.06.08"]
[Round "2"]
[White "Breitzmann, Sander"]
[Black "Diederich, Greta"]
[Result "1-0"]
[Termination "normal"]
[Board "36"]
[WhiteElo "1220"]
[BlackElo "1036"]
[PlyCount "73"]
[WhiteFideId "12987085"]
[BlackFideId "12988618"]
[EventCountry "GER"]
[EventRounds "11"]
[EventType "swiss"]
[EventDate "2014.06.07"]

1. e4 e5 2. Nf3 d6 3. Bc4 Be7 4. O-O Nf6 5. d3 O-O 6. Be3 Be6 7. Bb3 Nc6 8. c3
h6 9. Nbd2 Qd7 10. Re1 Nh7 11. d4 f5 12. Bxe6+ Qxe6 13. d5 Qg6 14. exf5 Rxf5
15. dxc6 bxc6 16. Nf1 e4 17. Nd4 Rf6 18. Nxc6 Bd8 19. Qb3+ Qf7 20. Qb7 Qd7 21.
Qxa8 Rf8 22. Nxd8 Rxd8 23. Qxe4 a6 24. Qd5+ Kf8 25. Ng3 Nf6 26. Qf3 Qf7 27.
Rad1 Qg6 28. Bd4 a5 29. Re6 Kf7 30. Rde1 a4 31. Re7+ Kf8 32. R1e6 Kg8 33. Bxf6
gxf6 34. Rxf6 Qb1+ 35. Nf1 Qc1 36. Rg6+ Kh8 37. Qf6# 1-0

[Event "DEM U10/U10w 2014"]
[Site "Magdeburg GER"]
[Date "2014.06.08"]
[Round "2"]
[White "Sulzbacher, Marijana"]
[Black "Weihrauch, Jakob"]
[Result "0-1"]
[Termination "normal"]
[Board "37"]
[WhiteElo "1016"]
[BlackElo "1220"]
[PlyCount "72"]
[WhiteFideId "34658181"]
[BlackFideId "16210115"]
[EventCountry "GER"]
[EventRounds "11"]
[EventType "swiss"]
[EventDate "2014.06.07"]

1. e4 c5 2. Nf3 d6 3. Bb5+ Bd7 4. Qe2 Bxb5 5. Qxb5+ Qd7 6. Qxd7+ Nxd7 7. O-O
O-O-O 8. d3 h6 9. Nc3 Ngf6 10. Nb5 a6 11. Nc3 e6 12. Be3 Be7 13. d4 cxd4 14.
Bxd4 e5 15. Be3 g5 16. Nd5 Nxd5 17. exd5 f5 18. Bd2 b6 19. h3 Kb7 20. Bc3 h5
21. Rfe1 g4 22. Nxe5 dxe5 23. Bxe5 Nxe5 24. Rxe5 Bf6 25. Rxf5 Bxb2 26. Rf7+ Ka8
27. Rb1 Bd4 28. Rf5 g3 29. Kf1 gxf2 30. Rd1 Bc5 31. Rf6 Rhf8 32. Rh6 Rde8 33.
d6 Bb4 34. g3 Re1+ 35. Rxe1 fxe1=Q+ 36. Kg2 Rf2# 0-1

[Event "DEM U10/U10w 2014"]
[Site "Magdeburg GER"]
[Date "2014.06.08"]
[Round "2"]
[White "Kunisch, Nina"]
[Black "Ultsch, Paul"]
[Result "1-0"]
[Termination "normal"]
[Board "38"]
[WhiteElo "1201"]
[BlackElo "1024"]
[PlyCount "69"]
[WhiteFideId "12982849"]
[BlackFideId "12955965"]
[EventCountry "GER"]
[EventRounds "11"]
[EventType "swiss"]
[EventDate "2014.06.07"]

1. e4 e5 2. Nf3 Nf6 3. Nc3 Nc6 4. Bb5 d6 5. O-O Be7 6. d3 O-O 7. Bg5 Bg4 8.
Bxf6 Bxf6 9. Nd5 Nd4 10. Bc4 Bxf3 11. gxf3 Bh4 12. Ne3 Qg5+ 13. Ng2 Qh5 14. Ne1
Kh8 15. c3 Ne6 16. Ng2 Nf4 17. Nxf4 exf4 18. e5 dxe5 19. Qe2 Rae8 20. Rae1 f5
21. a3 Rf6 22. d4 Rh6 23. Bf7 Qxf7 24. Qc2 Qh5 25. Rc1 Bf6 26. Rfe1 Qxh2+ 27.
Kf1 Qh3+ 28. Ke2 exd4+ 29. Kd2 Rxe1 30. Rxe1 dxc3+ 31. bxc3 Qh5 32. Qa4 c6 33.
Qxa7 Kg8 34. Qb8+ Kf7 35. Qe8# 1-0

[Event "DEM U10/U10w 2014"]
[Site "Magdeburg GER"]
[Date "2014.06.08"]
[Round "2"]
[White "Khanbekyan, Areg"]
[Black "Glinzner, Alva"]
[Result "0-1"]
[Termination "normal"]
[Board "39"]
[WhiteElo "962"]
[BlackElo "1194"]
[PlyCount "94"]
[WhiteFideId "12993727"]
[BlackFideId "16206169"]
[EventCountry "GER"]
[EventRounds "11"]
[EventType "swiss"]
[EventDate "2014.06.07"]

1. e4 c6 2. d4 d5 3. exd5 cxd5 4. Bd3 Nc6 5. Nf3 Bg4 6. c3 Nf6 7. Bf4 e6 8. h3
Bh5 9. O-O Bd6 10. Qd2 Bxf3 11. gxf3 a6 12. Bxd6 Qxd6 13. f4 Ne7 14. c4 Nh5 15.
cxd5 Qxd5 16. Be2 Qd6 17. Bxh5 O-O 18. Nc3 Nf5 19. Ne4 Qd5 20. Rfe1 Nh4 21. Re2
f5 22. f3 g6 23. Kf2 gxh5 24. Kg3 Ng6 25. Ng5 Rae8 26. Rc1 h6 27. Nh7 Kxh7 28.
Rc7+ Kg8 29. Rg2 Rf7 30. Rc5 Qd6 31. Kf2 Rg7 32. Rc1 Nxf4 33. Rxg7+ Kxg7 34.
Rg1+ Kf6 35. Qc3 Nxh3+ 36. Kf1 Nxg1 37. d5+ Kf7 38. Kxg1 Qxd5 39. Qc7+ Re7 40.
Qh2 Qxf3 41. b4 Rd7 42. Qg2 Qe3+ 43. Kh2 Rd2 44. Qxd2 Qxd2+ 45. Kh3 Qg5 46. Kh2
f4 47. Kh3 Qg3# 0-1

[Event "DEM U10/U10w 2014"]
[Site "Magdeburg GER"]
[Date "2014.06.08"]
[Round "2"]
[White "Kurzweil, Nalani"]
[Black "Eschner, Fabian"]
[Result "1-0"]
[Termination "normal"]
[Board "40"]
[WhiteElo "1194"]
[BlackElo "1018"]
[PlyCount "145"]
[WhiteFideId "12985694"]
[BlackFideId "16232860"]
[EventCountry "GER"]
[EventRounds "11"]
[EventType "swiss"]
[EventDate "2014.06.07"]

1. e4 e5 2. Nf3 Nc6 3. Bc4 Nf6 4. Ng5 d5 5. exd5 Na5 6. Bb5+ c6 7. dxc6 bxc6 8.
Ba4 Bd7 9. Nc3 Bd6 10. d4 O-O 11. Be3 Re8 12. O-O Nd5 13. Nxd5 cxd5 14. Bxd7
Qxd7 15. dxe5 Bxe5 16. Bd4 h6 17. Nf3 Bd6 18. Re1 Nc6 19. Rxe8+ Rxe8 20. Be3
Be5 21. Qd2 Qd8 22. Rd1 d4 23. Nxd4 Nxd4 24. Bxd4 Bxd4 25. c3 Bxf2+ 26. Kxf2
Qxd2+ 27. Rxd2 Rb8 28. b4 f5 29. a4 g5 30. Kf3 h5 31. h3 Rf8 32. c4 g4+ 33. Kf4
gxh3 34. gxh3 Rf7 35. Rd5 Rc7 36. c5 Kg7 37. Rxf5 Rd7 38. Rg5+ Kh6 39. Re5 Rd4+
40. Re4 Rd2 41. b5 Kg7 42. a5 Rd5 43. Re5 Rd4+ 44. Ke3 Rh4 45. c6 Rxh3+ 46. Kd4
Rh4+ 47. Kd5 Rh1 48. Kd6 Kf6 49. c7 Rd1+ 50. Rd5 Rc1 51. Kd7 h4 52. c8=Q Rxc8
53. Kxc8 Kg6 54. Rd1 Kg5 55. Rh1 Kg4 56. Rxh4+ Kxh4 57. b6 axb6 58. axb6 Kg5
59. b7 Kf5 60. b8=Q Ke6 61. Qb6+ Kd5 62. Kd7 Ke4 63. Qd6 Kf5 64. Qe6+ Kf4 65.
Kd6 Kg5 66. Qe5+ Kg4 67. Ke6 Kf3 68. Kf5 Kf2 69. Qe4 Kg3 70. Qf4+ Kg2 71. Kg4
Kg1 72. Kg3 Kh1 73. Qf1# 1-0

[Event "DEM U10/U10w 2014"]
[Site "Magdeburg GER"]
[Date "2014.06.08"]
[Round "2"]
[White "Kind, Swantje"]
[Black "Bardorz, Jana"]
[Result "0-1"]
[Termination "normal"]
[Board "42"]
[WhiteElo "938"]
[BlackElo "1175"]
[PlyCount "76"]
[BlackFideId "16208897"]
[EventCountry "GER"]
[EventRounds "11"]
[EventType "swiss"]
[EventDate "2014.06.07"]

1. e4 e5 2. Nf3 Nc6 3. Bb5 a6 4. Ba4 Nf6 5. O-O Be7 6. Re1 b5 7. Bb3 d6 8. h3
O-O 9. c3 Na5 10. Bc2 c5 11. d4 Qc7 12. dxe5 dxe5 13. Be3 Rd8 14. Nbd2 Bb7 15.
Qc1 b4 16. Bg5 h6 17. Bh4 Rd6 18. Bxf6 Bxf6 19. Nf1 Rad8 20. Ng3 Nc4 21. Bb3
Nd2 22. Nxd2 Rxd2 23. Rd1 bxc3 24. Nf1 Rxd1 25. Bxd1 Bxe4 26. Qxc3 Bg6 27. b4
e4 28. Qc2 Bxa1 29. Be2 e3 30. Qc1 exf2+ 31. Kxf2 Bd4+ 32. Ke1 Re8 33. bxc5
Bxc5 34. Kd1 Rd8+ 35. Nd2 Bb6 36. Qa3 Ba5 37. Qe3 Qc2+ 38. Ke1 Bxd2+ 0-1

[Event "DEM U10/U10w 2014"]
[Site "Magdeburg GER"]
[Date "2014.06.08"]
[Round "2"]
[White "Kiesel, Lara"]
[Black "Gericke, Luis"]
[Result "0-1"]
[Termination "normal"]
[Board "44"]
[WhiteElo "893"]
[BlackElo "1161"]
[PlyCount "93"]
[WhiteFideId "12973785"]
[BlackFideId "16212525"]
[EventCountry "GER"]
[EventRounds "11"]
[EventType "swiss"]
[EventDate "2014.06.07"]

1. e4 e5 2. Nf3 Nc6 3. Bb5 a6 4. Bxc6 dxc6 5. O-O Bd6 6. d4 exd4 7. Nxd4 Nf6 8.
Nc3 O-O 9. Bg5 Re8 10. h3 h6 11. Bh4 Bd7 12. Qd2 c5 13. Nf3 Bc6 14. Rfe1 b6 15.
e5 Bxf3 16. Bxf6 gxf6 17. exd6 Rxe1+ 18. Rxe1 Bc6 19. Rd1 Kg7 20. g4 Qd7 21.
dxc7 Qxc7 22. f4 Re8 23. Ne2 Ba8 24. Qd7 Qxd7 25. Rxd7 Rxe2 26. Ra7 Rg2+ 27.
Kf1 Bd5 28. Rxa6 Rxc2 29. Rxb6 Bc4+ 30. Ke1 Rh2 31. Rc6 Rxh3 32. Rxc5 Bxa2 33.
Ra5 Bc4 34. Ra4 Bd5 35. Rd4 Bf3 36. b4 Bxg4 37. b5 Rh1+ 38. Kf2 Rb1 39. Rd5 h5
40. Kg3 Rg1+ 41. Kf2 Rh1 42. b6 Rb1 43. Rd6 h4 44. Kg2 Rb2+ 45. Kh1 Bf3+ 46.
Kg1 h3 47. Rd3 0-1

[Event "DEM U10/U10w 2014"]
[Site "Magdeburg GER"]
[Date "2014.06.08"]
[Round "2"]
[White "Basovskiy, Jana"]
[Black "Schneider, Katharina"]
[Result "1-0"]
[Termination "normal"]
[Board "45"]
[WhiteElo "1157"]
[BlackElo "929"]
[PlyCount "143"]
[WhiteFideId "16208617"]
[BlackFideId "16200519"]
[EventCountry "GER"]
[EventRounds "11"]
[EventType "swiss"]
[EventDate "2014.06.07"]

1. e4 e5 2. Nf3 Nc6 3. Bc4 Bc5 4. c3 Nf6 5. d3 O-O 6. O-O a6 7. Bb3 b5 8. Bc2
Bb7 9. h3 h6 10. Re1 d6 11. Nbd2 a5 12. Nf1 b4 13. Be3 Bb6 14. d4 Re8 15. d5
Na7 16. Bxb6 cxb6 17. cxb4 axb4 18. Rc1 Rc8 19. Qd2 b3 20. Bxb3 Rxc1 21. Qxc1
Ba6 22. Ng3 Nc8 23. Qc2 Ne7 24. Rc1 Qc8 25. Qxc8 Rxc8 26. Rxc8+ Bxc8 27. Kf1
Ba6+ 28. Ke1 Bd3 29. Nd2 Nh5 30. Nxh5 g6 31. Nf6+ Kg7 32. Nd7 b5 33. f3 Nc8 34.
Kd1 b4 35. Bc4 Bxc4 36. Nxc4 h5 37. Kc2 f5 38. Kb3 fxe4 39. fxe4 g5 40. Kxb4 g4
41. h4 Kf7 42. Kb5 Ke7 43. Kc6 Na7+ 44. Kb7 Nb5 45. Kc6 Nd4+ 46. Kc7 Nb5+ 47.
Kb6 Nd4 48. Nb8 Ne2 49. b4 Nf4 50. Ne3 Ng6 51. g3 Nf8 52. Nf5+ Kd8 53. Nxd6
Nd7+ 54. Nxd7 Kxd7 55. Nc4 Kc8 56. Nxe5 Kd8 57. Ng6 Kd7 58. e5 Ke8 59. e6 Kd8
60. d6 Ke8 61. e7 Kd7 62. b5 Kxd6 63. e8=Q Kd5 64. Qe5+ Kc4 65. Qd6 Kc3 66. Qd5
Kc2 67. Qd4 Kc1 68. Qf2 Kb1 69. Qe2 Ka1 70. Nf4 Kb1 71. Nd3 Ka1 72. Qb2# 1-0

[Event "DEM U10/U10w 2014"]
[Site "Magdeburg GER"]
[Date "2014.06.08"]
[Round "2"]
[White "Doan, Lam Phuc"]
[Black "Münch, Michelle"]
[Result "1-0"]
[Termination "normal"]
[Board "46"]
[WhiteElo "1145"]
[BlackElo "858"]
[PlyCount "79"]
[EventCountry "GER"]
[EventRounds "11"]
[EventType "swiss"]
[EventDate "2014.06.07"]

1. e4 e5 2. Nf3 Nc6 3. Nc3 Bb4 4. Nd5 Bc5 5. Bc4 d6 6. O-O Be6 7. d3 Nd4 8.
Nxd4 exd4 9. f4 f5 10. Nxc7+ Qxc7 11. Bxe6 Nf6 12. Bxf5 g6 13. Be6 Qe7 14. Bd5
Nxe4 15. Bxe4 O-O-O 16. a3 Rhf8 17. b4 d5 18. Bxd5 Bb6 19. Qg4+ Rf5 20. Be4
Rdf8 21. Re1 h5 22. Bxf5+ Rxf5 23. Qxf5+ gxf5 24. Rxe7 Bd8 25. Re8 Kd7 26.
Rxd8+ Kxd8 27. Bb2 Ke7 28. Bxd4 Ke6 29. Bxa7 h4 30. c4 Kf6 31. Re1 Kg6 32. d4
Kh5 33. d5 Kg4 34. d6 Kxf4 35. d7 Kg5 36. d8=Q+ Kg4 37. h3+ Kh5 38. Qg8 b6 39.
Re6 b5 40. Qg6# 1-0

[Event "DEM U10/U10w 2014"]
[Site "Magdeburg GER"]
[Date "2014.06.08"]
[Round "2"]
[White "Sinnhöfer, Lilian"]
[Black "Unbehend, Marius"]
[Result "1-0"]
[Termination "normal"]
[Board "47"]
[WhiteElo "1128"]
[BlackElo "796"]
[PlyCount "87"]
[WhiteFideId "12977586"]
[BlackFideId "16214420"]
[EventCountry "GER"]
[EventRounds "11"]
[EventType "swiss"]
[EventDate "2014.06.07"]

1. e4 e5 2. Nf3 Nc6 3. Nc3 Nf6 4. d4 d5 5. dxe5 Nd7 6. exd5 Ncxe5 7. Qe2 Qe7 8.
Bf4 Nxf3+ 9. gxf3 Qxe2+ 10. Nxe2 Bd6 11. Bg3 Bxg3 12. fxg3 O-O 13. O-O-O Ne5
14. f4 Nc4 15. Rd4 Ne3 16. Nc3 Bf5 17. Bd3 Bxd3 18. Rxd3 Rfe8 19. Nb5 Re4 20.
Nxc7 Rc8 21. Nb5 Rxc2+ 22. Kb1 Rc5 23. Nc3 Re8 24. Re1 a6 25. Rdxe3 Rxe3 26.
Rxe3 h6 27. d6 Rc8 28. d7 Rd8 29. Re8+ Rxe8 30. dxe8=Q+ Kh7 31. Qd7 f6 32. Qxb7
Kg6 33. Qxa6 Kh7 34. b4 Kg6 35. b5 h5 36. b6 Kf5 37. b7 Kg4 38. Qe6+ Kf3 39.
b8=R Kg2 40. Rd8 Kxh2 41. Rd2+ Kxg3 42. Qe3+ Kg4 43. Rg2+ Kf5 44. Qe4# 1-0